01290nam a2200361Ia 450000500170000000800410001702000180005804100080007608200160008408200200010010000180012024501330013825000210027126400250029230000490031733600270036633700330039333800280042649000290045450000210048350000210050465000410052565000370056665000460060365000440064965000380069365000410073165000490077270000440082194200130086504000350087899900150091320220317001906.0170410s2016 sp o g 000 0 spa  a9788482986043 aspa04a590bS62e /04aR 590.03bS62e 1 aSpelman, Lucy10aEnciclopedia de los animalesb2.500 animales con fotos, mapas íy mucho más!cLucy Spelman ; traducido por M. Carmen Escudero aQuinta edición 1aBarcelonabRBAc2016 a303 páginasbfotografías a colorc31 cm. atextobtxt2rdacontent asin mediaciónbn2rdamedia avolumenbnc2rdacarrier aNational geographic kids aIncluye glosario aIncluye índice142LEMBaAnfibiosvHábitos y conducta142LEMBaAvesvHábitos y conducta142LEMBaInvertebradosvHábitos y conducta142LEMBaMamíferosvHábitos y conducta142LEMBaPecesvHábitos y conducta142LEMBaReptilesvHábitos y conducta142LEMBaAnimalesvDiccionarios y enciclopedias1 aEscudero, M. Carmenetraductora9105878 2ddccREF aCO-BoRNBPbspaerdacCO-BoRNBP c8444d8444